Statistics for Cities by suburb: France

Click here to take the quiz!

General Stats

  • This quiz has been taken 21 times
  • The average score is 6 of 11

Answer Stats

HintAnswer% Correct
La Mouche, Transval, Point-du-Jour, BrotteauxLyon
85%
Montolivet, Les Olives, Perier, Le Cabot, VilletteMarseille
85%
Ginko, St Genes, Le Tasta, Bel-AirBordeaux
70%
Kable, Quinze, Heyritz, Danube, EsplanadeStrasbourg
65%
Bagatelle, Minimes, Bonnefoy, LafourguetteToulouse
65%
Beau Arts, Antigone, Odysseum, GambettaMontpellier
60%
Dervallières-Zola, Malakoff, Doulon-BottièreNantes
50%
Montmuzard, Maladière, PouillyDijon
45%
Pic Rouge, Fare 'Ute, Residence HamutaPapeete
25%
Mirza, Mango, Anatole, Cité ZephirCayenne
15%
Artillerie, Baie de Citrons, MagentaNouméa
10%

Score Distribution

Percentile by Number Answered

Percent of People with Each Score

Your Score History

You have not taken this quiz